| 000 | 00456nam a22001817a 4500 | ||
|---|---|---|---|
| 999 |
_c6382 _d6380 |
||
| 005 | 20210904102046.0 | ||
| 008 | 200521b xxu||||| |||| 00| 0 eng d | ||
| 020 | _a9780195698848 | ||
| 041 | _aeng | ||
| 082 | _a301 BET | ||
| 100 |
_aBeteilie ,Andre _95694 |
||
| 245 | _aSociology : Essays an approach and Method | ||
| 250 | _a2'nd | ||
| 260 |
_aNew Delhi _bOxford University Press _c2002 |
||
| 300 | _a323p. | ||
| 650 |
_aSociology _95692 |
||
| 942 | _cBK | ||